| 000 | 00400nam a2200181Ia 4500 | ||
|---|---|---|---|
| 005 | 20250423094550.0 | ||
| 008 | 250422s9999 xx 000 0 und d | ||
| 020 | _a0-07-236371 | ||
| 050 | _aQA 152.2 .M55/ | ||
| 100 | _aMiller, Julie | ||
| 245 | 0 | _aBeginning algebra | |
| 260 | _aNew York | ||
| 260 | _bMcGraw-Hill | ||
| 260 | _c2004 | ||
| 300 | _a770 p | ||
| 650 | _aAlgebra | ||
| 942 | _cBK | ||
| 999 |
_c27623 _d27623 |
||